header

Assisted living (Record no. 10289)

MARC details
000 -LEADER
fixed length control field 03159nam a2200361Ia 4500
245 00 - TITLE STATEMENT
Title Assisted living
260 ## - PUBLICATION, DISTRIBUTION, ETC. (IMPRINT)
Place of publication Baltimore, Md. :
Name of publisher Johns Hopkins University Press,
Year of publication 2001.
300 ## - PHYSICAL DESCRIPTION
Number of Pages xvii, 344 p.
650 #0 - SUBJECT ADDED ENTRY--TOPICAL TERM
Topical Term Congregate housing
Topical Term Older people
Topical Term Older people
Topical Term Life care communities
700 1# - ADDED ENTRY--PERSONAL NAME
Personal name Zimmerman, Sheryl,
Personal name Sloane, Philip D.
Personal name Eckert, J. Kevin.
856 40 - ELECTRONIC LOCATION AND ACCESS
Uniform Resource Identifier http://site.ebrary.com/lib/rucke/Doc?id=10021588

No items available.

© 2026 Rongo University
Contact us: librarian | system librarian | Rongo university